000
00233nam a22001217a 4500
040
_c
HS
082
_a
636
100
_a
NA
245
_a
La production de viande bovine
260
_a
Paris
_b
NA
_c
1987
300
_a
175p;
942
_c
FB
999
_c
10304
_d
10304